Ledy Zúñiga: la violencia de género no solo afecta a la mujer sino a toda la estabilidad del hogar (Registro nro. 31971)
[ vista simple ]
| 000 -CABECERA | |
|---|---|
| Campo de control interno | 02352nam a22001817a 4500 |
| 005 - FECHA Y HORA DE LA CATALOGACION | |
| Campo de control | 20151125154415.0 |
| 008 - ELEMENTOS DE LONGITUD FIJA - INFORMACION | |
| Elementos de Longitud Fija - Informaci | 151125b xxu||||| |||| 00| 0 eng d |
| 040 ## - ORIGEN DE LA CATALOGACION | |
| Origen de la Catalogación | ANE |
| 041 ## - CODIGO DE LENGUAJE | |
| Código de lenguaje del texto | Es |
| 082 ## - NUMERO DE CLASIFICACION DECIMAL DEWEY | |
| 1ra. Clasificación | TV-1682 |
| 100 ## - ENTREVISTADO | |
| Entrevistado | Zúñiga, Ledy |
| Rol del entrevistado | ministra de Justicia |
| 245 ## - TÍTULO GENERAL | |
| Título | Ledy Zúñiga: la violencia de género no solo afecta a la mujer sino a toda la estabilidad del hogar |
| 260 ## - EDITORIAL | |
| Ciudad | Quito |
| Televisora que emite el programa | Gama TV |
| Fecha del Programa | 2015-11-25 |
| 300 ## - DESCRIPCION | |
| Duración en minutos, horas (del programa) | p. |
| 520 ## - RESUMEN | |
| Resumen | Ledy Zúñiga, ministra de Justicia, analizó las cifras de violencia contra la mujer que se registran en el Ecuador y los esfuerzos del gobierno por bajar estos niveles. Zúñiga resaltó que desde 2007 se ha puesto en marcha un plan nacional para erradicar la violencia de género. Entre los avances registrados, destacó una reducción de alrededor del 30% de muertes violentas de mujeres a partir del 2014. Así también, destacó la tipificación de femicidio en el último Código Penal. “El femicidio no solo atenta contra la vida de las mujeres, sino también contra la estabilidad del hogar”, apuntó. La Ministra emplazó a, trabajar en el hogar, y no solo esperar una acción del Gobierno, para romper los patrones socio culturales relacionadas al machismo. Zúñiga reconoció que aún falta mucho por hacer en esta problemática mundial, no obstante, destacó que algunos reconocimientos internacionales para el país en esta materia, como: “El segundo lugar en la región en equidad y participación de la mujer”. Adelantó que se está trabajando en varias áreas del Estado para luchar contra la violencia que incluye el trabajo con los agresores. Mencionó que se han emprendido programas desde algunas carteras del Ejecutivo y en la función Judicial. (Ecuador en Vivo) |
| 650 ## - DESCRIPTORES - TEMAS | |
| Temas - Descriptores | violencia género/ ministra de Justicia/cifras/ violencia contra la mujer/Ecuador/plan nacional/erradicar violencia de género/reducción/muertes violentas mujeres 2014/tipificación femicidio/último Código Penal/atenta /contra vida mujeres/estabilidad del hogar/trabajar hogar/acción gobierno/ patrones socio culturales relacionadas al machismo/problemática mundial/reconocimientos internacionales país/segundo lugar región/equidad y participación de la mujer/trabajo con los agresores/ emprendido programas/carteras Ejecutivo/función judicial/ |
| 942 ## - ELEMENTOS DE KOHA | |
| Esquema de Clasificaci | |
| Tipo de Documento | Material Multimedia (radio y televisión) |
| Catalogador | IES. |
| Withdrawn status | Lost status | Fuente de Clasificaci | Damaged status | Not for loan | Ubicaci | Biblioteca | Fecha de Adquisición | Signatura Topogr | Código de barras | Date last seen | Price effective from | Tipo de Item |
|---|---|---|---|---|---|---|---|---|---|---|---|---|
| Biblioteca Asamblea Nacional | Biblioteca Asamblea Nacional | 2015-11-25 | TV-1682 | TV-1682 | 2015-11-25 | 2015-11-25 | Material Multimedia (radio y televisión) |